Strategic management (Record no. 3301)

000 -LEADER
fixed length control field nam a22 a 4500
005 - DATE AND TIME OF LATEST TRANSACTION
control field 20170522111318.0
008 - FIXED-LENGTH DATA ELEMENTS--GENERAL INFORMATION
fixed length control field 170522b2014 cau||||| |||| 00| 0 eng d
020 ## - INTERNATIONAL STANDARD BOOK NUMBER
International Standard Book Number 9781452234984
040 ## - CATALOGING SOURCE
Original cataloging agency AKMAL
082 ## - DEWEY DECIMAL CLASSIFICATION NUMBER
Classification number 658.4012 PAR
090 ## - LOCALLY ASSIGNED LC-TYPE CALL NUMBER (OCLC); LOCAL CALL NUMBER (RLIN)
Classification number (OCLC) (R) ; Classification number, CALL (RLIN) (NR) 658.4012
Local cutter number (OCLC) ; Book number/undivided call number, CALL (RLIN) PAR
100 ## - MAIN ENTRY--PERSONAL NAME
Personal name Parnell, John A. |q (John Alan)
Dates associated with a name 1964-
9 (RLIN) 6713
245 ## - TITLE STATEMENT
Title Strategic management
Remainder of title theory and practice /
Statement of responsibility, etc. John A. Parnell.
250 ## - EDITION STATEMENT
Edition statement 4th ed.
260 ## - PUBLICATION, DISTRIBUTION, ETC.
Place of publication, distribution, etc. Los Angeles
Name of publisher, distributor, etc. SAGE
Date of publication, distribution, etc. c2014.
300 ## - PHYSICAL DESCRIPTION
Extent xx, 641 p.
Other physical details ill. (some col.)
Dimensions 28cm
500 ## - GENERAL NOTE
General note Formerly CIP.
504 ## - BIBLIOGRAPHY, ETC. NOTE
Bibliography, etc. note Includes bibliographical references and index.
505 ## - FORMATTED CONTENTS NOTE
Formatted contents note Fundamentals of strategic management -- Industry competition -- The external environment : political-legal and economic forces -- The external environment : social and technological forces -- The organization : ethics and corporate social responsibility -- Corporate-level strategies -- Business unit strategies -- Functional strategies -- Strategy formulation -- Strategy execution : structure -- Strategy execution : strategic change, culture, and leadership -- Strategic control and crisis management.
650 ## - SUBJECT ADDED ENTRY--TOPICAL TERM
Topical term or geographic name entry element Strategic planning.
9 (RLIN) 6200
650 ## - SUBJECT ADDED ENTRY--TOPICAL TERM
Topical term or geographic name entry element Industrial management.
9 (RLIN) 2203
650 ## - SUBJECT ADDED ENTRY--TOPICAL TERM
Topical term or geographic name entry element Organizational effectiveness.
9 (RLIN) 566
942 ## - ADDED ENTRY ELEMENTS (KOHA)
Source of classification or shelving scheme
Koha item type Book
Holdings
Withdrawn status Lost status Source of classification or shelving scheme Damaged status Not for loan Collection code Home library Current library Shelving location Date acquired Inventory number Total Checkouts Full call number Barcode Date last seen Price effective from Koha item type
          NON-FICTION AKMAL Melaka AKMAL Melaka PINJAMAN 22.05.2017 602739   658.4012 PAR 201704300 22.05.2017 22.05.2017 Book
Pusat Sumber Maklumat Dato' Haji Sarmin Md Hussin, Akademi Kastam Diraja Malaysia, Melaka
Tel: 06-2331106 | Faks: 06-2313787